|
|
|
|
| LEADER |
00000nam0a2200000 4500 |
| 001 |
92894 |
| 005 |
20231031104917.0 |
| 035 |
|
|
|a (RuTPU)RU\TPU\book\99500
|
| 090 |
|
|
|a 92894
|
| 100 |
|
|
|a 20060321d1997 km y0rusy50 ca
|
| 101 |
0 |
|
|a rus
|
| 102 |
|
|
|a BY
|
| 105 |
|
|
|a y fg 001zy
|
| 200 |
1 |
|
|a Кто есть кто
|e в 3 т.
|f сост. В. Белявская, П. Кочеткова, Т. Шубина
|
| 210 |
|
|
|a Минск
|c Литература
|d 1997 - .
|
| 225 |
1 |
|
|a Энциклопедический справочник
|
| 702 |
|
1 |
|a Белявская
|b В.
|4 220
|
| 702 |
|
1 |
|a Кочеткова
|b П.
|4 220
|
| 702 |
|
1 |
|a Шубина
|b Т.
|4 220
|
| 801 |
|
1 |
|a RU
|b 63413507
|c 20060321
|g PSBO
|
| 801 |
|
2 |
|a RU
|b 63413507
|c 20120712
|g PSBO
|
| 942 |
|
|
|c BK
|